00490 a2200181 450000100060000002000150000604000240002110000240004524000280006924500230009730000070012036200090012744000130013665000310014994200070018095201040018799900170029169742 a8535607722 cAnchieta - Itaigara aGaboardi, Lucila C.10aFilomena no jardimlpor10aFilomena no jardim a380 a2002 1aPaulinas 4aLiteratura infanto-juvenil cBK 00104070a88.1b88.1d2023-11-21l0o028.5 GAB FILp2419/ITAr2023-11-21 20:04:26w2023-11-21yBK c69742d69742